| 000 | 00429cam a2200181ua 4500 | ||
|---|---|---|---|
| 020 | _c1.14 | ||
| 041 |
_ahin _h |
||
| 082 |
_a891.43 _bRAD/SA |
||
| 100 | _aRadhakrishna, . | ||
| 245 |
_aSansanate sapne / _cRadhakrishna. _hTextual Documents |
||
| 250 |
_a1 / _b. |
||
| 260 |
_aDelhi : _bRajkamal Prakashan , _c1954. |
||
| 300 | _a136 ; . | ||
| 365 | _a1.14 | ||
| 504 | _a | ||
| 942 | _cBK | ||
| 999 |
_c12155 _d12155 |
||